000 00719nam a22002057a 4500
999 _c18118
_d18118
003 AR-CdUCM
008 190511b ||||| |||| 00| 0 spa d
040 _aMUNICIPALIDAD PROVINCIAL DEL CUSCO
_cBIBLIOTECA MUNICIPAL DEL CUSCO
082 _a301.154 /
_bN82
100 _aNordau , Max
_938516
245 _aPsico - fisiología del genio y del talento /
260 _aBuenos Aires :
_bTor,
300 _a127 páginas ;
_c19 cm.
505 _aContenido: Mayoría y minoría -- Piscofisiología del genio y del talento.
650 _aPsicología social
_94539
650 _aMayorías y minorías
_938517
700 _aSalmeron y García, Nicolás (traductor)
_938518
942 _2ddc
_cLIBROS
945 _aacv
_d2019-05-11